|
|
|
|
| LEADER |
00743nam a2200205 i 4500 |
| 001 |
misc57595 |
| 005 |
20210510211910.0 |
| 008 |
210510s1899 hu o 0|| hun d |
| 040 |
|
|
|a SZTE Miscellanea Repozitórium
|b hun
|
| 041 |
|
|
|a hun
|
| 100 |
1 |
|
|a Tolstoj Lev Nikolaevič
|
| 245 |
1 |
0 |
|a Mi a művészet?
|h [elektronikus dokumentum] /
|c Tolstoj Lev Nikolaevič
|
| 260 |
|
|
|a Gönczi J. József Könyvkiadása
|b Szeged, Magyarország
|c 1899
|
| 300 |
|
|
|a 216
|c 17 cm
|
| 650 |
|
4 |
|a Bölcsészettudományok
|
| 650 |
|
4 |
|a Nyelvek és irodalom
|
| 650 |
|
4 |
|a Általános irodalomtudományok
|
| 695 |
|
|
|a Orosz irodalom - esszé, Irodalomelmélet - orosz
|
| 700 |
0 |
1 |
|a Hegedűs Pál
|
| 856 |
4 |
0 |
|u http://misc.bibl.u-szeged.hu/57595/1/a_6769.pdf
|z Dokumentum-elérés
|